000 01005nam a2200277Ia 4500
001 Para_2971
003 CHAP
008 220125s1983 xx 000 0 und d
010 _a201500
040 _cCHAP
090 _aPA FOLLETO 2969
100 _aFarías Fernández, José Manuel
_939789
245 _aBallico anual :
_b alternativa invernal para producir forraje en la Comarca Lagunera /
_c por José Manuel Farías Fernández [y otros]
260 _aMatamoros, Coah. :
_b INIA. Campo Agrícola Experimental La Laguna
300 _a9 p.
440 _aFolleto para productores; 7
_9166387
650 _aLolium perenne Pastos forrajeros Pastos
_x Comarca Lagunera
_9166427
710 _aInstituto Nacional de Investigaciones Agrícolas. México. Campo Agrícola Experimnental La Laguna
_9166428
901 _aPA FOLLETO 2969
902 _aA
905 _a0000001983 MAT 0000000000 00
910 _a1983
942 _cPARA
942 _cPARA
_d1
999 _c201500
_d201500